[Event "GER-ch Youth U14 2020"]
[Site "Willingen"]
[Date "2020.10.20"]
[Round "1.1"]
[White "Eilenberg, Jonas"]
[Black "Freude, Max"]
[Result "1-0"]
[WhiteElo "2242"]
[BlackElo "1850"]
[Annotator "TA"]
[PlyCount "119"]
[EventDate "2020.10.20"]
[EventType "swiss"]
[EventRounds "7"]
[EventCountry "GER"]
[SourceTitle "playchess.com"]
[Source "ChessBase"]
[SourceQuality "1"]

{[%evp 9,119,-4,14,0,-7,-14,0,-3,-12,-19,-11,-24,-6,-16,0,-10,0,1,4,-31,-16,-29,16,-2,2,-79,-68,-110,-110,-186,-85,-89,-88,-85,-53,-60,-37,-36,-39,-48,-48,-62,-37,-37,-37,-43,-12,-37,-39,-43,-43,-49,-33,-41,0,-16,129,129,129,129,129,129,129,129,129,99,129,129,129,100,129,129,104,101,129,129,1166,1083,1083,708,497,83,83,25,204,204,204,204,204,204,29958,29961,29964,29966,29965,29966,29964,29962,29953,685,29976,29977,29975,29976,29980,29978,29975,6649,29982,29983,29983,29983]} 1. d4 Nf6 2. c4 e6 3. Nc3 Bb4 4. Bd2 O-O 5. e3 d5 6. cxd5 {E46: Nimzo-Indian: Rubinstein: 4 e3 0-0 5 Ne2 without early Bd3.} exd5 7. Bd3 c5 8. a3 {The position is equal.} Bxc3 9. bxc3 {[#]} Nc6 $146 ({Predecessor:} 9... b6 10. Nf3 Ba6 11. Bxa6 Nxa6 12. Qa4 Nc7 13. dxc5 bxc5 14. O-O Ne4 15. Rfd1 Qf6 16. Rac1 {1-0 (40) Roxo,A (1887)-Martins,M (1892) Sao Pedro do Sul 2015}) 10. Ne2 Qe7 11. O-O b6 12. Ng3 Ne4 13. Bxe4 dxe4 14. f3 Ba6 15. Rf2 f5 16. Qa4 Na5 17. Re1 (17. fxe4 $11 fxe4 18. Rxf8+ Rxf8 19. c4) 17... Bd3 $17 18. fxe4 fxe4 {Strongly threatening ...Rxf2.} 19. Nf5 (19. Rf4 $17 {was called for.}) 19... Qc7 (19... Qe6 $19 {has better winning chances.} 20. d5 Qe5) 20. c4 Nxc4 21. Bc3 Nd6 22. g4 Nxf5 23. gxf5 Rf7 24. dxc5 Qxc5 25. Bd4 Qb5 (25... Qd5 {keeps more tension.} 26. f6 Rc8 27. Kh1 Qe6 28. Qd1 g6) 26. Qxb5 Bxb5 27. Rg2 Rc8 28. h4 Kf8 29. Rf2 Ke7 30. Rf4 Bd3 31. Kh2 Rcf8 32. Bc3 Rxf5 (32... a5 $11) 33. Bb4+ $16 Ke8 34. Bxf8 Rxf4 35. exf4 Kxf8 {[%mdl 4096] Endgame KR-KB} 36. Kg3 a5 37. a4 Ke7 38. Kf2 Kd6 39. Rc1 b5 40. axb5 Bxb5 41. Ke3 g6 42. Kxe4 h5 $2 {[%mdl 8192]} (42... a4 $16 43. Kd4 Ke6) 43. Rg1 $18 Be8 44. Kd4 a4 45. Rc1 $2 (45. Rb1 $18 {and the rest is easy. Hoping for Rb8.} Ke6 46. Re1+ Kf7 47. Ke5) 45... Bf7 $16 {[#]} 46. Rc5 (46. Rc3 $1 $16) 46... Ke6 $2 (46... a3 $1 $11 {and Black is okay.}) 47. Ra5 $18 Kf6 48. Ke4 Bb3 49. Ra6+ Kg7 $2 (49... Be6 $18 50. Rxa4 Bf5+ 51. Kd4 Be6) 50. Ke5 Bd1 51. Ra7+ Kh6 52. Kf6 Bb3 53. Rg7 Bc2 54. Rc7 (54. Rd7 $142 Bb3 55. Rd8 Kh7 56. Kg5 Bc2 57. Rd2 Bf5 58. Rd4 Kh8 59. Rxa4) 54... Bb3 55. Rc8 {[%cal Rc8h8]} Kh7 56. Kg5 Bf7 {[#]} 57. Rc7 $1 Kg8 58. Kf6 {Rc8+ would kill now.} Be8 59. Rc8 Kf8 60. Ra8 {Av CentiPawn Loss W=-62/B=-85. Weighted=-61/-72} 1-0

[Event "GER-ch Youth U14 2020"]
[Site "Willingen"]
[Date "2020.10.20"]
[Round "1.2"]
[White "Klühs, Gustaf"]
[Black "Costa, Leonardo"]
[Result "0-1"]
[WhiteElo "1827"]
[BlackElo "2165"]
[Annotator "RC"]
[PlyCount "106"]
[EventDate "2020.10.20"]
[EventType "swiss"]
[EventRounds "7"]
[EventCountry "GER"]
[SourceTitle "playchess.com"]
[Source "ChessBase"]
[SourceQuality "1"]
[TimeControl "40/5400+30:1800+30"]

1. d4 {[%emt 0:00:00]} d5 {[%emt 0:00:00]} 2. c4 {[%emt 0:00:00]} e6 {[%emt 0:00:00]} 3. Nf3 {[%emt 0:00:38]} Nf6 {[%emt 0:00:00]} 4. g3 {[%emt 0:01:47]} Be7 {[%emt 0:00:20]} 5. Bg2 {[%emt 0:00:25]} O-O {[%emt 0:00:10]} 6. O-O {[%emt 0:00:07]} c6 {[%emt 0:00:03]} 7. Nbd2 {[%emt 0:00:40]} b6 {[%emt 0:01:18]} 8. Qc2 {[%emt 0:03:27]} Bb7 {[%emt 0:00:17]} 9. b3 {[%emt 0:05:33]} Na6 {[%emt 0:05:39]} 10. a3 {[%emt 0:05:14]} c5 {[%emt 0:13:42]} 11. Bb2 {[%emt 0:12:00]} Rc8 {[%emt 0:08:54]} 12. dxc5 {[%emt 0:12:21]} Nxc5 {[%emt 0:00:37]} 13. Rfd1 {[%emt 0:23:59]} Qe8 {[%emt 0:14:13]} 14. b4 {[%emt 0:07:23]} Na4 {[%emt 0:05:28]} 15. Ne5 {[%emt 0:09:32]} Nxb2 {[%emt 0:02:00]} 16. Qxb2 {[%emt 0:00:11]} Qa4 {[%emt 0:00:34]} 17. Rdc1 {[%emt 0:10:53]} a6 {[%emt 0:03:36]} 18. Qc2 {[%emt 0:01:45]} Qxc2 {[%emt 0:01:00]} 19. Rxc2 {[%emt 0:00:06]} Rfd8 {[%emt 0:01:18]} 20. Rac1 {[%emt 0:00:37]} Ne4 {[%emt 0:04:05]} 21. Nxe4 {[%emt 0:00:32]} dxe4 {[%emt 0:00:05]} 22. Ng4 {[%emt 0:00:14]} f5 {[%emt 0:07:49]} 23. Ne3 {[%emt 0:00:36]} Bg5 {[%emt 0:03:13]} 24. h4 {[%emt 0:00:30]} Bxe3 {[%emt 0:00:34]} 25. fxe3 {[%emt 0:00:06]} Rc7 {[%emt 0:01:37]} 26. a4 {[%emt 0:02:01]} Rdc8 {[%emt 0:02:48]} 27. c5 {[%emt 0:01:02]} a5 {[%emt 0:01:35]} 28. bxa5 {[%emt 0:00:38]} bxa5 {[%emt 0:04:45]} 29. Kf2 {[%emt 0:00:17]} Bd5 {[%emt 0:01:14]} 30. Rc3 {[%emt 0:00:15]} Rb8 {[%emt 0:02:02]} 31. h5 {[%emt 0:00:56]} Rb4 {[%emt 0:01:01]} 32. Ra3 {[%emt 0:00:45]} Kf7 {[%emt 0:02:14]} 33. Bh3 {[%emt 0:00:11]} g6 {[%emt 0:00:38]} 34. hxg6+ {[%emt 0:00:09]} hxg6 {[%emt 0:00:05]} 35. g4 {[%emt 0:00:26]} Kf6 {[%emt 0:00:37]} 36. Kg3 {[%emt 0:01:04]} Kg5 {[%emt 0:01:04]} 37. Rc2 {[%emt 0:01:12]} Rc4 {[%emt 0:02:00]} 38. Rac3 {[%emt 0:00:19]} Rxa4 {[%emt 0:00:10]} 39. Rc1 {[%emt 0:00:53]} Rb4 {[%emt 0:00:48]} 40. gxf5 {[%emt 0:00:12]} gxf5 {[%emt 0:00:30]} 41. Ra1 {[%emt 0:30:54]} a4 {[%emt 0:30:28]} 42. Bg2 {[%emt 0:00:00]} Bb3 {[%emt 0:00:00]} 43. Kf2 {[%emt 0:00:00]} Rc6 {[%emt 0:00:00]} 44. Ke1 {[%emt 0:00:00]} Rb5 {[%emt 0:00:00]} 45. Rac1 {[%emt 0:00:00]} Kf6 {[%emt 0:00:00]} 46. Kd2 {[%emt 0:00:00]} Ke7 {[%emt 0:00:00]} 47. Ke1 {[%emt 0:00:00]} Kd8 {[%emt 0:00:00]} 48. Kf2 {[%emt 0:00:00]} Kc7 {[%emt 0:00:00]} 49. Kg3 {[%emt 0:00:00]} Kb7 {[%emt 0:00:00]} 50. Kf4 {[%emt 0:00:00]} Ka6 {[%emt 0:00:00]} 51. Ke5 {[%emt 0:00:00]} Ka5 {[%emt 0:00:00]} 52. Kd4 {[%emt 0:00:00]} Kb4 {[%emt 0:00:00]} 53. Ra1 {[%emt 0:00:00]} Rcxc5 0-1

[Event "GER-ch Youth U14 2020"]
[Site "Willingen"]
[Date "2020.10.20"]
[Round "1.3"]
[White "Hommer, Jeremy"]
[Black "Rempe, Jonas"]
[Result "1-0"]
[WhiteElo "2246"]
[BlackElo "1925"]
[Annotator "TA"]
[PlyCount "41"]
[EventDate "2020.10.20"]
[EventType "swiss"]
[EventRounds "7"]
[EventCountry "GER"]
[SourceTitle "playchess.com"]
[Source "ChessBase"]
[SourceQuality "1"]

{[%evp 12,41,12,6,38,21,54,8,92,82,74,85,93,28,32,0,87,87,94,87,83,83,100,78,127,132,141,133,134,116,173,141]} 1. e4 e5 2. Nf3 Nc6 3. Bc4 Nf6 4. d3 Be7 5. Nc3 O-O 6. a3 d6 7. O-O Kh8 {C55: Two Knights: 4 d3, 4 d4 exd4 5 e5 and Max Lange Attack.} 8. h3 Ng8 9. d4 {[#]} f5 $146 (9... exd4 $11 10. Nxd4 Nxd4 11. Qxd4 Bf6) ({Predecessor:} 9... exd4 10. Nxd4 Nxd4 11. Qxd4 Bf6 12. Qd3 Ne7 13. Bd2 a6 14. Rad1 b5 15. Ba2 Be6 16. Bxe6 fxe6 {½-½ (38) Nevednichy,V (2566)-Fressinet,L (2638) Warsaw 2005}) 10. dxe5 $16 dxe5 11. Qxd8 Bxd8 12. Bd5 (12. Be3 $16) 12... Nge7 $11 13. Be3 fxe4 (13... Nxd5 $11 {remains equal.} 14. exd5 e4) 14. Bxe4 $16 Bf5 15. Rad1 $36 {[%mdl 2048] White has strong initiative.} Bxe4 16. Nxe4 Nf5 17. Bc5 Be7 18. Bxe7 Nfxe7 19. Rd7 Rac8 20. Rfd1 Rfd8 (20... Ng6 $16 {was necessary.} 21. Nfg5 Nb8) 21. Nc5 {Av CentiPawn Loss W=-17/B=-28. Weighted=-20/-31} 1-0

[Event "GER-ch Youth U14 2020"]
[Site "Willingen"]
[Date "2020.10.20"]
[Round "1.4"]
[White "Sallandt, Frido"]
[Black "Haack, Kevin"]
[Result "0-1"]
[WhiteElo "1770"]
[BlackElo "2209"]
[Annotator "TA"]
[PlyCount "84"]
[EventDate "2020.10.20"]
[EventType "swiss"]
[EventRounds "7"]
[EventCountry "GER"]
[SourceTitle "playchess.com"]
[Source "ChessBase"]
[SourceQuality "1"]

{[%evp 20,84,8,-8,-8,-28,-35,-99,-93,-101,-102,-105,-76,-115,-109,-136,-125,-128,-108,-129,-125,-121,-116,-130,-62,-93,-89,-94,-111,-99,-57,-117,-81,-95,-80,-135,-121,-183,-168,-286,-282,-321,-302,-362,-366,-333,-277,-468,-456,-433,-461,-502,-494,-466,-458,-995,-975,-971,-967,-29977,-5577,-29990,-29991,-29991,-29991,-29996,-29995]} 1. e4 c5 2. Nc3 Nc6 3. g3 g6 4. Bg2 Bg7 5. d3 d6 6. Be3 e6 7. Qd2 Rb8 8. Nge2 Nd4 9. O-O b5 10. f4 Ne7 11. Nd1 b4 {B26: Closed Sicilian: 3 g3, lines with early Be3.} 12. Bxd4 (12. a3 {keeps more tension.} b3 13. c3 Nc2 14. Rc1 f5 15. Bf2) 12... cxd4 {[#]} 13. Nf2 $146 (13. b3 $15) ({Predecessor:} 13. g4 O-O 14. Ng3 f5 15. g5 Qc7 16. Ne2 Nc6 17. exf5 gxf5 18. Ng3 Ne7 19. h4 {0-1 (70) Stearman,J-Abdrashev,A (1767) Al Ain 2013}) 13... O-O $17 {Black is better.} 14. Kh1 Qc7 15. Nh3 Bd7 16. Ng5 Rfc8 17. Rfc1 Rb5 18. Nf3 Qb6 19. g4 e5 20. f5 Rbc5 {[%cal Rg6f5]} ({But not} 20... gxf5 21. gxf5 d5 22. Rg1 $15) 21. Ng3 Ba4 (21... a5 $17 22. a3 bxa3 23. bxa3 Qb2) 22. b3 Bd7 $1 23. Ne1 Ra5 24. Nf3 f6 25. h4 (25. g5 $15) 25... gxf5 26. gxf5 Be8 27. Bh3 (27. Nh2 $142) 27... Kh8 28. h5 (28. Bg4 $17 {is a better defense.}) 28... Ng8 $19 {aiming for ...Bh6.} 29. Qg2 (29. Rg1 $142) 29... Rac5 {[%cal Ba5c5,Bc5c7,Bc7g7][%mdl 32]} 30. Ne1 R5c7 31. a4 Bh6 32. Rcb1 Bf4 {Threatens to win with ...Rg7.} 33. h6 $2 (33. Ne2 Be3 34. Qf3) 33... Nxh6 {...Rg7 is the strong threat.} 34. Qf3 Rg7 35. Nh5 Bxh5 36. Qxh5 Rg5 37. Qxh6 {[#]} (37. Qh4 $142 Nf7 38. Bg2) 37... Rg1+ $1 {[%mdl 512]} 38. Kxg1 Bxh6 39. a5 Qc7 (39... Qb7 $142 40. Bg2 Be3+ 41. Kf1 Qg7 42. c4 bxc3 43. Rc1 Qh6 44. Rc2 Qf4+ 45. Nf3 Rg8 46. Raa2 Rg3 47. Rf2 Bxf2 48. Kxf2 Rg4 49. Re2 {[#]} c2 $1 {[%mdl 576] Deflection} 50. Rxc2 Qe3+ {[%mdl 64] Double Attack} 51. Kf1 Qxd3+ {[%mdl 64] Double Attack} 52. Re2 Rxe4 53. Ng1 Rf4+ {[%mdl 64] Double Attack, Discovered Attack} 54. Nf3 e4 {[%mdl 64] Pin} 55. Kf2 exf3 56. Re8+ Kg7 57. Bf1 Qd2+ 58. Kg3 h5 59. Re6 h4+ 60. Kh3 Qf2 61. Re7+ Kh6 $1 {[%mdl 512]} 62. Rh7+ Kxh7 63. Bd3 Qg3#) 40. Rd1 Qg7+ {Black mates.} 41. Bg2 Be3+ 42. Kh2 Qh6+ {Av CentiPawn Loss W=-106/B=-43. Weighted=-129/-34} 0-1

[Event "GER-ch Youth U14 2020"]
[Site "Willingen"]
[Date "2020.10.20"]
[Round "1.5"]
[White "Bakiev, Diyor"]
[Black "Fuhrmann, Bahne"]
[Result "1-0"]
[WhiteElo "2070"]
[BlackElo "1816"]
[Annotator "TA"]
[PlyCount "87"]
[EventDate "2020.10.20"]
[EventType "swiss"]
[EventRounds "7"]
[EventCountry "GER"]
[SourceTitle "playchess.com"]
[Source "ChessBase"]
[SourceQuality "1"]

{[%evp 12,87,14,9,27,24,25,6,6,-8,32,-10,0,-24,17,29,17,18,35,33,30,35,35,38,45,18,35,37,20,-14,-3,-18,0,0,0,0,56,41,145,138,140,130,162,167,199,174,189,192,209,199,250,190,285,285,279,252,395,396,403,394,426,400,436,232,218,113,763,742,998,942,1102,968,1037,1004,1100,1031,1192,1131]} 1. e4 e5 2. Nf3 Nc6 3. Bb5 a6 4. Ba4 Nf6 5. Bxc6 dxc6 6. d3 Bd6 7. Nbd2 Bd7 {C77: Ruy Lopez: 3...a6 4 Ba4 Nf6, unusual lines.} 8. Nc4 Qe7 9. Bd2 b5 {The position is equal.} 10. Ne3 {[#]} Nh5 $146 ({Predecessor:} 10... c5 11. Qe2 c6 12. b3 g6 13. g3 Nh5 14. a4 O-O 15. O-O Ng7 16. Bc3 Bh3 {0-1 (39) Smirnov,I (2451)-Pokazanjev,N (2115) Denizli 2003}) 11. Bc3 Nf4 12. g3 Ng6 13. h4 h5 14. a4 b4 15. Bd2 f6 16. Qe2 Be6 17. b3 Qf7 18. Nc4 c5 19. O-O-O Ne7 20. Ne1 Nc6 21. Be3 Nd4 22. Bxd4 cxd4 23. Ng2 g5 (23... O-O $11) 24. hxg5 $14 Bxc4 (24... fxg5 $14 25. Rdf1 g4) 25. g6 $16 ({Resist} 25. dxc4 $6 fxg5 26. f4 Qg6 $16) 25... Qxg6 26. dxc4 Qg5+ 27. Kb1 c5 28. Nh4 O-O-O 29. Nf5 Kc7 30. Rh4 Rd7 (30... Bf8 $142 31. Rdh1 Rd7) 31. Rdh1 Rdh7 (31... Bf8 {is a better defense.} 32. Rxh5 Rxh5 33. Rxh5 Qg6) 32. g4 $18 Bf8 33. gxh5 {Threatens to win with Rg4.} ({Weaker is} 33. Rxh5 Rxh5 34. gxh5 Qg2 $16) 33... Bh6 {[#]} (33... Rg8 {was worth a try.} 34. h6 Kc6) 34. f4 $1 {[%cal Rf4g5][%mdl 512]} Qg8 (34... exf4 35. Rg4) 35. fxe5 fxe5 36. Rg4 Qf7 37. Rhg1 (37. Rg6 $142) 37... Qxh5 38. Qg2 (38. Qf1 $18) 38... Kb8 $2 {[%mdl 8192] Now Black is done in.} (38... Bf8 $16 39. a5 Qh2) 39. Rh1 {White is clearly winning.} Qxh1+ 40. Qxh1 Bd2 41. Qd1 Bc3 42. Rg1 Rh2 43. Ne7 Kc7 44. Nd5+ {Av CentiPawn Loss W=-27/B=-57. Weighted=-26/-72} 1-0

[Event "GER-ch Youth U14 2020"]
[Site "Willingen"]
[Date "2020.10.20"]
[Round "1.6"]
[White "Weidenhöfer, Max"]
[Black "Laux, Dominik"]
[Result "0-1"]
[WhiteElo "1897"]
[BlackElo "2009"]
[Annotator "TA"]
[PlyCount "48"]
[EventDate "2020.10.20"]
[EventType "swiss"]
[EventRounds "7"]
[EventCountry "GER"]
[SourceTitle "playchess.com"]
[Source "ChessBase"]
[SourceQuality "1"]

{[%evp 9,48,1,12,0,28,26,19,6,13,-2,-7,-21,-2,-21,-25,-18,-9,-35,-24,-131,-97,-112,-101,-98,-98,-94,-109,-193,-183,-231,-75,-553,-384,-653,-652,-645,-629,-996,-956,-1466,-1387]} 1. e4 c6 2. d4 d5 3. e5 Bf5 4. h4 h5 5. Bd3 Bxd3 6. Qxd3 {B12: Caro-Kann: Advance Variation.} Qa5+ 7. Nd2 {White wants to play e6!} e6 8. Ngf3 {The position is equal.} Qa6 {8...Nh6 injects fresh life into this line. Played by Alireza Firouzja in September 2020.} 9. c4 Nh6 10. b3 Nf5 11. Bb2 Be7 12. g3 c5 {[#]} 13. O-O $146 ({Predecessor:} 13. dxc5 Nc6 14. a3 dxc4 15. Qxc4 Qxc4 16. Nxc4 Bxc5 17. b4 Be7 18. Ke2 a6 19. Rhd1 {½-½ (50) Becerra Rivero,J (2556)-Grabinsky,A (2338) Philadelphia 2017}) 13... Nc6 {[%cal Bb8c6,Bc6b4,Bb4d3][%mdl 32]} 14. Rfe1 (14. dxc5 $11 Bxc5 15. Kg2) 14... Rd8 15. dxc5 Bxc5 {Hoping for ...Nb4.} 16. Kg2 {[#]} Nb4 $1 {[%cal Rb4d3]} 17. Qb1 {Black should prevent a3.} dxc4 18. Nxc4 (18. Ne4 $17 {was necessary.} Nd3 19. Nxc5 Nxc5 20. bxc4) 18... Nd3 $36 {[%mdl 2112] ...0-0 is the strong threat. Double Attack. Black is in control.} 19. Re2 O-O $2 (19... Qc6 $19 {And now ...Nxh4+! would win.} 20. Rd2 {[#]} Nf4+ $1 {[%mdl 576] Deflection} 21. gxf4 Nxh4+ {[%mdl 64] Double Attack} 22. Kf1 Qxf3 23. Rxd8+ Kxd8 24. Qd1+ Qxd1+ 25. Rxd1+ Kc7) 20. Bc3 $2 {[%mdl 8192] Loses the game.} (20. Rd2 $17 b5 21. Nd6 Nxe5 {[%mdl 64] Remove Defender} 22. Bxe5 Bxd6 23. Bxd6 Rxd6 24. Rxd6 Qxd6 25. Qd1) 20... b5 {[%cal Bb7b5,Bb5b4][%mdl 32]} 21. Nb2 $2 (21. Nd6 b4 22. Bd2) 21... b4 {Threatens to win with ...Nf4+!Black is clearly winning.} 22. Nxd3 Rxd3 (22... bxc3 $2 23. Nf4 $17) 23. Bb2 Rfd8 24. Qf1 Qb7 {Av CentiPawn Loss W=-103/B=-29. Weighted=-160/-31} 0-1

[Event "GER-ch Youth U14 2020"]
[Site "Willingen"]
[Date "2020.10.20"]
[Round "1.7"]
[White "Hagner, Bennet"]
[Black "Schwartz, Oliver"]
[Result "0-1"]
[WhiteElo "2080"]
[BlackElo "1794"]
[Annotator "TA"]
[PlyCount "120"]
[EventDate "2020.10.20"]
[EventType "swiss"]
[EventRounds "7"]
[EventCountry "GER"]
[SourceTitle "playchess.com"]
[Source "ChessBase"]
[SourceQuality "1"]

{[%evp 25,120,29,32,25,30,19,31,-20,16,0,-1,-9,-8,-50,-47,-122,-29,-42,-6,-9,0,-30,-27,-384,-382,-366,-380,-360,-355,-565,-545,-1002,-1204,-1204,-1193,-1174,-1121,-1049,-1018,-872,-565,-507,-364,-764,-666,-762,-325,-712,-696,-629,-623,-937,-811,-769,-747,-654,-582,-641,-614,-498,-435,-373,-163,-361,-353,-739,-315,-791,-772,-725,-220,-790,-782,-775,-773,-751,-751,-898,-897,-887,-846,-1020,-1029,-929,-906,-29979,-29980,-29979,-29981,-29982,-29983,-29983,-29984,-29984,-29984,-29985,-29985]} 1. e4 c5 2. Nf3 Nc6 3. d4 cxd4 4. Nxd4 Nf6 5. Nc3 e5 6. Ndb5 d6 7. Bg5 a6 8. Na3 b5 9. Nd5 Be7 10. Bxf6 Bxf6 11. c3 O-O 12. Nc2 Rb8 13. h4 Be7 14. Nce3 {B33: Sicilian: Pelikan and Sveshnikov Variations.} Be6 15. Bd3 Qd7 {[#]} 16. b4 $146 (16. a4 $14) ({Predecessor:} 16. a4 Bd8 17. axb5 axb5 18. Ra6 Kh8 19. Qa1 Qb7 20. b4 Bc8 21. Ra3 Be6 22. Ra6 Bc8 23. Ra3 Be6 {½-½ (23) Shirov,A (2684)-Martinez Alcantara,J (2592) Arica 2019}) 16... Rfc8 17. a4 Bd8 18. axb5 axb5 19. g4 Ne7 20. Kd2 ({Better is} 20. Qf3 $15) 20... Ng6 (20... Qc6 $17 {[%cal Re7d5]} 21. Qb3 Ng6) 21. g5 $1 $11 Nf4 {With the idea ...Bb6.} 22. Qf3 $1 Nxd3 23. Kxd3 Bb6 24. Nf5 $2 {[%mdl 8192] Now White is beyond hope.} (24. Kc2 $11) 24... Bxd5 $1 $19 25. exd5 Rc4 ({Weaker is} 25... Qc7 26. Rhc1 $15) 26. Qh3 {And now Nh6+! would win.} Qc7 27. Ra3 (27. Kc2 $142 Rf4 28. Rhf1) 27... Rf4 28. f3 {[#]} e4+ $1 {[%mdl 576] Double Attack} 29. Kc2 (29. fxe4 Qc4+) 29... Rxf3 30. Qg4 Qc4 31. Rh2 Qd3+ 32. Kb2 Rf1 {[%csl Gf1][%cal Rd3b1]} 33. Rc2 e3 34. Ne7+ $2 (34. Ng3 Rf2 35. Ne2 Qxd5 36. h5) 34... Kh8 35. Nc6 Rf8 ({Not} 35... Rf2 36. Rxf2 exf2 37. Nxb8 $11) (35... Re8 $142 36. c4 e2 $1 {[%mdl 512]} 37. Rxd3 e1=Q) 36. c4 $2 {[#]} (36. Qe2 Qf5 37. Ra6) 36... Rb1+ $1 {[%mdl 576] Deflection} 37. Kxb1 Qxa3 38. c5 Ra8 {[%csl Ga8][%cal Ra3a1]} 39. Qd4 dxc5 40. Qc3 cxb4 41. Nxb4 {Qxa3 is the strong threat.} Qxc3 42. Rxc3 {[%mdl 4096] Endgame KRB-KRN} Bd4 43. Rc7 f5 (43... Be5 $142 44. Rxf7 Kg8) 44. Nd3 $2 (44. Nc2 {was necessary.} e2 45. Re7) 44... Kg8 {Threatens to win with ...f4!} 45. h5 $2 {[#]} (45. d6 Kf8 46. h5) 45... Kf8 (45... f4 $142 $1 {Hoping for ...f3.} 46. Nxf4 Be5 {[%mdl 64] Double Attack}) 46. h6 $2 (46. d6) 46... gxh6 47. gxh6 Kg8 $2 (47... e2 48. Kc1 Ra3) 48. Rb7 $2 (48. d6) 48... Ra1+ 49. Kc2 Ra2+ 50. Kc1 e2 51. Re7 Bc3 52. d6 Rd2 53. Re8+ {[#]} Kf7 $1 54. Re7+ Kf8 55. Ne1 Rd1+ {[%mdl 64] Double Attack, Discovered Attack. Black mates.} 56. Kc2 Bxe1 57. Rxe2 {[#]} Rd2+ $1 58. Rxd2 Bxd2 59. Kxd2 f4 60. Kd3 b4 {Av CentiPawn Loss W=-102/B=-55. Weighted=-161/-62} 0-1

[Event "GER-ch Youth U14 2020"]
[Site "Willingen"]
[Date "2020.10.20"]
[Round "1.8"]
[White "Niemann, Leon"]
[Black "Farokhi, Keyvan"]
[Result "0-1"]
[WhiteElo "1880"]
[BlackElo "2001"]
[Annotator "TA"]
[PlyCount "42"]
[EventDate "2020.10.20"]
[EventType "swiss"]
[EventRounds "7"]
[EventCountry "GER"]
[SourceTitle "playchess.com"]
[Source "ChessBase"]
[SourceQuality "1"]

{[%evp 19,42,5,18,0,26,-50,-50,-60,-65,-102,-40,-46,-44,-108,-58,-58,-50,-45,-6,-6,-10,-105,-104,-106,-93]} 1. e4 e5 2. Nf3 Nc6 3. Bc4 Nf6 4. d3 Be7 5. O-O O-O 6. Re1 d6 7. c3 Na5 8. Bb5 a6 9. Ba4 b5 10. Bc2 c5 11. d4 {C90: Closed Ruy Lopez with 7...d6: Early deviations.} Qc7 12. b3 (12. h3 $11) 12... cxd4 $15 13. cxd4 {Black is slightly better.} Bg4 14. Bd3 {[#]} exd4 $146 (14... Nc6 $1 $17 15. d5 Nd4) ({Predecessor:} 14... Nc6 15. Bb2 Nxd4 16. Bxd4 exd4 17. Nbd2 Nd7 18. Be2 Bf6 19. Rc1 Qb6 20. h3 Bh5 {0-1 (59) Nielsen,A (2047)-Nielsen,H (2301) Helsingor 2016}) 15. Bb2 $1 Nc6 {[%cal Ba5c6,Bc6d4,Bd4c2][%mdl 32]} 16. Be2 ({White should play} 16. Nbd2 $15) 16... Nxe4 {White must now prevent ...Bf6.} (16... Bxf3 {is more complex.} 17. Bxf3 Nd7 18. Na3 Bf6 19. Qd2 Be5) 17. Nxd4 Bxe2 18. Rxe2 Nxd4 19. Rxe4 {[#]} Qc2 $1 20. Qxc2 ({But not} 20. Qxd4 $2 Bf6 $19) (20. Nc3 $1 $11 {was the only way to keep the balance.} Qxb2 21. Nd5) 20... Nxc2 $17 21. Rxe7 Rfe8 {Av CentiPawn Loss W=-27/B=-19. Weighted=-27/-19} 0-1